Wander Over Yonder episodes season 1 Quiz Stats

Quiz not verified by Sporcle

Also try: Reality Show Hosts
Challenge
Share
Tweet
Embed
Score 0/39 Timer 12:00
0 Plays Today
Answer % Correct
The Greatest
84.7%
The Egg
83.1%
The Picnic
79.7%
The Bad Guy
74.6%
The Hero
74.6%
The Gift
74.6%
The Box
71.2%
The Night
71.2%
The Day
69.5%
The Toddler
69.5%
The Gift 2: The Giftening
69.5%
The Rider
67.8%
The Pet
66.1%
The Nice Guy
66.1%
The Fugitives
64.4%
The Bounty
64.4%
The Birthday Boy
64.4%
The Party Animal
64.4%
The Ball
62.7%
The Fancy Party
62.7%
Answer % Correct
The Troll
61%
The Little Guy
61%
The Time Bomb
61%
The Good Deed
59.3%
The Hat
59.3%
The Tourist
57.6%
The Lonely Planet
57.6%
The Helper
57.6%
The Prisoner
55.9%
The Brainstorm
54.2%
The Epic Quest of Unfathomable Difficulty!!!
54.2%
The Date
54.2%
The Buddies
54.2%
The Void
52.5%
The Liar
52.5%
The Stray
50.8%
The Enemies
50.8%
The Funk
49.2%
The Big Job
42.4%

You're not logged in!

Compare scores with friends on all Sporcle quizzes.
Sign Up with Email
OR
Log In

You Might Also Like...

Show Comments

Extras

Top Quizzes Today


Score Distribution

Your Account Isn't Verified!

In order to create a playlist on Sporcle, you need to verify the email address you used during registration. Go to your Sporcle Settings to finish the process.

Report this User

Report this user for behavior that violates our Community Guidelines.

Details: